000 00389nam a2200157Ia 4500
008 230917s9999||||xx |||||||||||||| ||und||
020 _cRS0.4
040 _e13324
_aMAIN
041 _aEnglish
082 _a301.35 S13R
100 _aShah, S M
245 0 _aRural development planning and reforms
260 _aNew Delhi
_bAbhinav Publications
_c1977
300 _a166 p.
942 _cBK
999 _c194909
_d194909